Opava a okolí. /
| Korporativní autor: | Vojenský zeměpisný ústav (1945-1951) |
|---|---|
| Další autoři: | Rakousko-Uhersko. Militärgeographisches Institut |
| Jazyk: | Němčina Polština Čeština |
| Vydáno: |
V Praze : Vojenský zeměpisný ústav, 1929 |
| Edice: |
Třetí vojenské mapování 1:75 000 ;
Opava, 1929 Speciální mapa Československé republiky v měřítku 1:75 000 - mapy okolí měst ; Opava, 1929 |
| Témata: | |
| Externí odkaz: |
Digitalizovaný dokument
|
| Fyzický popis: |
1 mapa : černobílá ; 37 x 47,5 cm, na listu 47,5 x 57 cm |
| LEADER | 02366nem a2200529 i 4500 | ||
|---|---|---|---|
| 001 | 001580292 | ||
| 003 | CZ BrMZK | ||
| 005 | 20170913100951.0 | ||
| 007 | aj|aanzn | ||
| 008 | 170612s1929 xr d||||||a|||||||||cze|d | ||
| 034 | 1 | |a a |b 75000 |d E0173908 |e E0180953 |f N0500332 |g N0494817 | |
| 040 | |a BOA001 |b cze |e rda | ||
| 041 | 0 | |a cze |a ger |a pol | |
| 043 | |a e-xr--- |a e-pl--- |2 czenas | ||
| 072 | 7 | |a 913(4) |x Geografie Evropy, reálie, cestování |2 Konspekt |9 7 | |
| 072 | 7 | |a 912 |x Mapy. Atlasy. Glóby |2 Konspekt |9 7 | |
| 080 | |a 623.64 |2 MRF | ||
| 080 | |a 913(437.326) |2 MRF | ||
| 080 | |a (084.3)528.42 |2 MRF | ||
| 080 | |a (084.3)355/359 |2 MRF | ||
| 110 | 2 | |a Vojenský zeměpisný ústav (1945-1951) |7 ko2005263855 |4 ctg | |
| 245 | 1 | 0 | |a Opava a okolí. / |c Vojenský zeměpisný ústav v Praze ; [Militärgeographisches Institut] |
| 255 | |a Měřítko 1:75 000 |c (E 17°39'08"--E 18°09'53"/N 50°03'32"--N 49°48'17") | ||
| 264 | 1 | |a V Praze : |b Vojenský zeměpisný ústav, |c 1929 | |
| 300 | |a 1 mapa : |b černobílá ; |c 37 x 47,5 cm, na listu 47,5 x 57 cm | ||
| 336 | |a kartografický obraz |b cri |2 rdacontent | ||
| 337 | |a bez média |b n |2 rdamedia | ||
| 338 | |a list |b nb |2 rdacarrier | ||
| 490 | 1 | |a [Die Franzisco-Josephinische Landesaufnahme 1:75 000] ; |v Opava, 1929 | |
| 490 | 1 | |a [Speciální mapa Československé republiky v měřítku 1:75 000 - mapy okolí měst] ; |v Opava, 1929 | |
| 500 | |a Jednobarevný otisk | ||
| 500 | |a Další údaje o vydání: 9. XII. 1929 | ||
| 562 | |a Razítko: Důvěrné |5 CZ-BrMZK | ||
| 562 | |a Razítko na rubu: Zemská a universitní knihovna v Brně |5 CZ-BrMZK | ||
| 562 | |a Razítko: Dar |5 CZ-BrMZK | ||
| 562 | |a Razítko: 2239/29 |5 CZ-BrMZK | ||
| 650 | 0 | 7 | |a vojenská topografie |7 ph316247 |2 czenas |
| 651 | 7 | |a Opava (Česko : oblast) |7 ge128535 |2 czenas | |
| 655 | 7 | |a topografické mapy |7 fd809173 |2 czenas | |
| 655 | 7 | |a vojenské mapy |7 fd133817 |2 czenas | |
| 710 | 1 | |a Rakousko-Uhersko. |b Militärgeographisches Institut |7 kn20060405003 |4 ant | |
| 830 | 0 | |a Třetí vojenské mapování 1:75 000 ; |v Opava, 1929 | |
| 830 | 0 | |a Speciální mapa Československé republiky v měřítku 1:75 000 - mapy okolí měst ; |v Opava, 1929 | |
| 856 | 4 | 1 | |u http://www.digitalniknihovna.cz/mzk/view/uuid:b42b6bfc-1639-4310-a786-ac1348da6b15 |y Digitalizovaný dokument |
| 910 | |a BOA001 |b Mpa-0083.515,Opava-29 | ||
| 990 | |a MP | ||
| 991 | |b 201706 | ||
English
Čeština 